• 首页
  • 本馆介绍
  • 公告通知
  • 最新文献
  • 馆藏检索
  • 电子资源
  • 读者导购
  • 参考咨询
  • 我的图书馆
  • 登录
  • 详细信息显示
  • 放入我的书架
  • 预约/预借图书
  • 作者相关作品
  • 分类相关作品
  • 丛书相关作品
  • 出版社相关作品

书目信息

  • 表格格式
  • 工作单格式
  • 卡片格式
题名:
跑鞋指南
    
 
作者: ;跑步指南 著
分册:  
出版信息: 北京   机械工业出版社  2017.8
页数: 280页
开本: 21x27cm
丛书名:
单 册:
中图分类: G818.4 , G822
科图分类:
主题词: 跑鞋--基本知识
电子资源:
ISBN: 978-7-111-57089-9
000 00907nam0 2200277 45
001 012001000862
005 20130909172528.0
010    @a978-7-111-57089-9@b精装@dCNY88.00
099    @aCAL 012017129898
100    @a20170913d2017 em y0chiy0110 ea
101 0  @achi
102    @aCN@b110000
105    @aak z 000yy
106    @ar
200 1  @a跑鞋指南@APao Xie Zhi Nan@d= Running shoes guide@f跑步指南著@zeng
210    @a北京@c机械工业出版社@d2017.8
215    @a280页@c彩图@d21x27cm
300    @a并列题名:Running shoes guide
330    @a本书为读者提供了市面上常见的15个品牌多达百款跑鞋的评测,让读者能够根据自身的经济情况及身体情况选择一双真正适合自己的跑鞋。
510 1  @aRunning shoes guide@zeng
606 0  @a跑鞋@x基本知识
690    @aG818.4@v5
690    @aG822@v5
711 02 @a跑步指南@APao Bu Zhi Nan@4著
801    @aCN@b江苏凤凰@c20211018
905    @b1341320-3@dG818.4@e44@f4
    
    跑鞋指南= Running shoes guide/跑步指南著.-北京:机械工业出版社,2017.8
    280页:彩图;21x27cm
    并列题名:Running shoes guide
    
    ISBN 978-7-111-57089-9(精装):CNY88.00
    本书为读者提供了市面上常见的15个品牌多达百款跑鞋的评测,让读者能够根据自身的经济情况及身体情况选择一双真正适合自己的跑鞋。
●
相关链接 在E读中查询图书 在五车中查询图书 在当当中查询图书 在豆瓣中查询图书


正题名:跑鞋指南     索取号:G818.4/44         预约/预借

序号 登录号 条形码 馆藏地/架位号 状态 备注
1 1341320   213413206   第一样本阅览室/ [索取号:G818.4/44] 在馆    
2 1341321   213413215   第四借阅区/ [索取号:G818.4/44] 在馆    
3 1341322   213413224   第四借阅区/ [索取号:G818.4/44] 在馆    
4 1341323   213413233   第四借阅区/ [索取号:G818.4/44] 在馆    
唐山师范学院图书馆 欢迎您!
大连网信软件有限公司© 版权所有